000 00275nam a22001337a 4500
003 SGT
082 _a370
_bR16A
100 _aANEJA, O.P.
245 _aRHYTHMIC GYMNASTIC
260 _aNEW DELHI
_bSPORTS PUB
_c2016
300 _a68
650 _aEDUCATION
942 _2ddc
_cBK
999 _c12360
_d12360